000 00278nam a2200109Ia 4500
008 190216s9999||||xx |||||||||||||| ||und||
100 _aGordon E & Natarajan K
245 0 _aFinancial Markets And Services
260 _bMacmillan India Ltd
_c2003
300 _a410p
942 _cBK
999 _c6697
_d6697